The Scheduled Castes/ (Record no. 179569)

000 -LEADER
fixed length control field 00447nam a22001691a 4500
020 ## - INTERNATIONAL STANDARD BOOK NUMBER
ISBN 9780195648225
082 ## - DEWEY DECIMAL CLASSIFICATION NUMBER
Classification number 305.568 8
Item number KSS/S
100 ## - MAIN ENTRY--AUTHOR NAME
Personal name K S Singh
245 ## - TITLE STATEMENT
Title The Scheduled Castes/
Statement of responsibility, etc by K S Singh
260 ## - PUBLICATION, DISTRIBUTION, ETC. (IMPRINT)
Place of publication New Delhi:
Name of publisher Oxford University Press,
Year of publication 2012.
300 ## - PHYSICAL DESCRIPTION
Number of Pages 1375p.
490 ## - SERIES STATEMENT
Series statement People of India National Series;vol.2
650 ## - SUBJECT ADDED ENTRY--TOPICAL TERM
Topical Term Scheduled Castes India
650 ## - SUBJECT ADDED ENTRY--TOPICAL TERM
Topical Term Dalit
650 ## - SUBJECT ADDED ENTRY--TOPICAL TERM
Topical Term Social Sciences
942 ## - ADDED ENTRY ELEMENTS (KOHA)
Koha item type Book
Holdings
Withdrawn status Lost status Damaged status Not for loan Permanent Location Current Location Shelving location Date acquired Cost, normal purchase price Full call number Accession Number Price effective from Koha item type
        Sree Sankaracharya University of Sanskrit Sree Sankaracharya University of Sanskrit Stacks 23.06.2025 965.00 305.568 8 KSS/S 106395 23.06.2025 Book